header

Submarines and submersibles / (Record no. 262680)

MARC details
000 -LEADER
fixed length control field 00540nam a22001937a 4500
003 - CONTROL NUMBER IDENTIFIER
control field OSt
005 - DATE AND TIME OF LATEST TRANSACTION
control field 20240130124805.0
008 - FIXED-LENGTH DATA ELEMENTS--GENERAL INFORMATION
fixed length control field 240130b xxu||||| |||| 00| 0 eng d
010 ## - LIBRARY OF CONGRESS CONTROL NUMBER
LC control number 2006023679
020 ## - INTERNATIONAL STANDARD BOOK NUMBER
International Standard Book Number 9781465499578(pbk.)
040 ## - CATALOGING SOURCE
Transcribing agency DLC
050 ## - LIBRARY OF CONGRESS CALL NUMBER
Classification number VM365
Item number .L63 2007
100 ## - MAIN ENTRY--PERSONAL NAME
Personal name Lock, Deborah.
245 ## - TITLE STATEMENT
Title Submarines and submersibles /
Statement of responsibility, etc written by Deborah Lock.
250 ## - EDITION STATEMENT
Edition statement 1st American ed.
260 ## - PUBLICATION, DISTRIBUTION, ETC. (IMPRINT)
Place of publication, distribution, etc New York, N.Y. :
Name of publisher, distributor, etc |DK Pub.,
Date of publication, distribution, etc 2007.
300 ## - PHYSICAL DESCRIPTION
Extent 32 p. :
Other physical details col. ill. ;
Dimensions 24 cm.
942 ## - ADDED ENTRY ELEMENTS (KOHA)
Source of classification or shelving scheme Library of Congress Classification
Koha item type Long Loan Books
Holdings
Withdrawn status Lost status Source of classification or shelving scheme Damaged status Not for loan Collection code Home library Current library Shelving location Date acquired Total Checkouts Full call number Barcode Date last seen Price effective from Koha item type
    Library of Congress Classification     Non-fiction Rongo University Library Rongo University Library Children's Area 30/01/2024   VM365 .L63 2007 CL20233120 30/01/2024 30/01/2024 Long Loan Books

© 2026 Rongo University
Contact us: librarian | system librarian | Rongo university